Možnosti využitia sociálnych sieti v marketingovej komunikácii podnikov cestovného ruchu diplomová práca
Guardado en:
| Autor principal: | |
|---|---|
| Autor Corporativo: | |
| Otros Autores: | |
| Formato: | Libro |
| Lenguaje: | eslovaco |
| Publicado: |
Bratislava
2024
|
| Etiquetas: |
Sin Etiquetas, Sea el primero en etiquetar este registro!
|
MARC
| LEADER | 00000nbm a2200000 4500 | ||
|---|---|---|---|
| 001 | 0302076 | ||
| 005 | 20250821124142.7 | ||
| 041 | 0 | |a slo | |
| 044 | |a SK | ||
| 245 | 1 | 0 | |a Možnosti využitia sociálnych sieti v marketingovej komunikácii podnikov cestovného ruchu |b diplomová práca |c Stella Privarová ; školiteľ: Kvetoslava Matlovičová |
| 264 | 1 | |a Bratislava |c 2024 | |
| 300 | |a 78 s. | ||
| 100 | 1 | |a Privarová, Stella | |
| 700 | 1 | |a Matlovičová, Kvetoslava, 1971- | |
| 710 | 2 | |a Obchodná fakulta EU. Katedra cestovného ruchu | |